000 00330nam a2200145Ia 4500
100 _aMary campbell
942 _cBK
654 _a1-2-3 Release 2.3
245 _a1-2-3 Release 2.3 the complete reference
260 _bMc Graw Hill
_aNew York
_c1991
082 _a5.13
_bPAN
300 _a1072
546 _aENGLISH
999 _c18985
_d18985